<?xml version="1.0" encoding="UTF-8"?>
<record
    xmlns:xsi="http://www.w3.org/2001/XMLSchema-instance"
    xsi:schemaLocation="http://www.loc.gov/MARC21/slim http://www.loc.gov/standards/marcxml/schema/MARC21slim.xsd"
    xmlns="http://www.loc.gov/MARC21/slim">

  <leader>00498cam a2200181 a 4500</leader>
  <controlfield tag="001">sa 66002899 </controlfield>
  <controlfield tag="003">DLC</controlfield>
  <controlfield tag="005">20260227112232.0</controlfield>
  <controlfield tag="008">831122s1958    ii            000 1 hino </controlfield>
  <datafield tag="010" ind1=" " ind2=" ">
    <subfield code="a">sa 66002899 </subfield>
  </datafield>
  <datafield tag="040" ind1=" " ind2=" ">
    <subfield code="a">DLC</subfield>
    <subfield code="c">DLC</subfield>
  </datafield>
  <datafield tag="050" ind1="0" ind2="0">
    <subfield code="a">PK2098.P328</subfield>
    <subfield code="b">J87 1958</subfield>
  </datafield>
  <datafield tag="100" ind1="1" ind2=" ">
    <subfield code="a">Paras&#x101;&#x12B;, Hari&#x15B;a&#x1E45;kara.</subfield>
  </datafield>
  <datafield tag="245" ind1="1" ind2="0">
    <subfield code="a">Jv&#x101;l&#x101; aura jala /</subfield>
    <subfield code="c">Hari&#x15B;a&#x1E45;kara Paras&#x101;&#x12B;.</subfield>
  </datafield>
  <datafield tag="260" ind1=" " ind2=" ">
    <subfield code="a">Kalakatt&#x101; :</subfield>
    <subfield code="b">Bh&#x101;rat&#x12B; Pustaka Mandira,</subfield>
    <subfield code="c">1958.</subfield>
  </datafield>
  <datafield tag="300" ind1=" " ind2=" ">
    <subfield code="a">82 p. ;</subfield>
    <subfield code="c">19 cm.</subfield>
  </datafield>
  <datafield tag="546" ind1=" " ind2=" ">
    <subfield code="a">In Hindi.</subfield>
  </datafield>
  <datafield tag="999" ind1=" " ind2=" ">
    <subfield code="c">68603</subfield>
    <subfield code="d">68603</subfield>
  </datafield>
</record>
